LEADER 00674nam0-22002651i-450- 001 990003336990403321 005 20030916125403.0 035 $a000333699 035 $aFED01000333699 035 $a(Aleph)000333699FED01 035 $a000333699 100 $a20030910d1983----km-y0itay50------ba 101 0 $aeng 105 $ay-------001yy 200 1 $aW.B. yeats$fA. Martin 210 $aHong Kong$cGill & MacMillan$d1983 676 $a821.9 700 1$aMartin,$bA.$0347616 801 0$aIT$bUNINA$gRICA$2UNIMARC 901 $aBK 912 $a990003336990403321 952 $a821.9 MAR$bLINGUE 52$fDECLI 959 $aDECLI 996 $aW.B. yeats$9448332 997 $aUNINA LEADER 01698nam 2200577 450 001 9910464743203321 005 20200520144314.0 010 $a92-2-128782-3 035 $a(CKB)3710000000134672 035 $a(SSID)ssj0001414141 035 $a(PQKBManifestationID)11838791 035 $a(PQKBTitleCode)TC0001414141 035 $a(PQKBWorkID)11431733 035 $a(PQKB)11136786 035 $a(MiAaPQ)EBC1717578 035 $a(Au-PeEL)EBL1717578 035 $a(CaPaEBR)ebr10897965 035 $a(OCoLC)881887445 035 $a(EXLCZ)993710000000134672 100 $a20140809h20142014 uy 0 101 0 $aeng 135 $aurcnu|||||||| 181 $ctxt 182 $cc 183 $acr 200 10$aProfits and poverty $ethe economics of forced labour /$fInternational Labour Office 210 1$aGeneva, Switzerland :$cInternational Labour Organization,$d2014. 210 4$dİ2014 215 $a1 online resource (66 pages) 300 $aBibliographic Level Mode of Issuance: Monograph 311 $a92-2-128781-5 320 $aIncludes bibliographical references. 606 $aForced labor 606 $aForced labor$xEconomic aspects 606 $aHuman trafficking 606 $aProfit 606 $aEconomic assistance$zDeveloping countries 608 $aElectronic books. 615 0$aForced labor. 615 0$aForced labor$xEconomic aspects. 615 0$aHuman trafficking. 615 0$aProfit. 615 0$aEconomic assistance 676 $a331.1173 801 0$bMiAaPQ 801 1$bMiAaPQ 801 2$bMiAaPQ 906 $aBOOK 912 $a9910464743203321 996 $aProfits and poverty$92285431 997 $aUNINA